Loading...

AL-BIRUNI KANDA INDIA

Bibliographic Details
Main Author: AL-biruni's
Format: Printed Book
Published: MADRAS SAHITHYA AKADEMI 1970
Subjects:
LEADER 00454nam a2200169 4500
020
082 |a 934 ALB 
100 |a AL-biruni's 
245 |a AL-BIRUNI KANDA INDIA  |h English 
250
260 |a MADRAS  |b SAHITHYA AKADEMI  |c 1970 
300 |a 483 p  |f HB 
650 |a AL-BIRUNI KANDA INDIA 
700
942 |c TB 
999 |c 150058  |d 150058 
952 |0 0  |1 0  |4 0  |6 934_000000000000000_ALB  |7 0  |9 163518  |a ORI  |b ORI  |l 0  |o 934 ALB  |p ORI1585/M  |r 2019-10-25  |w 2019-10-25  |y TB